Normal view
MARC view
- الحركات الاسلامية- العراق
Entry Topical Term
001 - CONTROL NUMBER
- control field: 56882
003 - CONTROL NUMBER IDENTIFIER
- control field: JO-AjAnu
005 - DATE AND TIME OF LATEST TRANSACTION
- control field: 20230606083323.0
008 - FIXED-LENGTH DATA ELEMENTS
- fixed length control field: 230606|| aca||aabn | a|a d
040 ## - CATALOGING SOURCE
- Original cataloging agency: JO-AjAnu
- Transcribing agency: JO-AjAnu
150 ## - HEADING--TOPICAL TERM
- Topical term or geographic name entry element: الحركات الاسلامية- العراق
670 ## - SOURCE DATA FOUND
- Source citation: Work cat.: (JO-AjAnu)29025: هيئة علماء المسلمين في العراق, author 56881, مبادرة هيئة علماء المسلمين في العراق مشروع (العراق الجامع)